Statistics for Текст песни группы "Аквариум" "Поезд в огне"

Click here to take the quiz!

General Stats

  • This quiz has been taken 7 times
  • The average score is 189 of 236

Answer Stats

Answer% Correct
больше
100%
это
100%
По
100%
нашей,
100%
была
100%
Эта
100%
бежать.
100%
некуда
100%
с
100%
не
100%
и
100%
нам
100%
И
100%
огне,
100%
поезд
100%
в
100%
на
100%
Я
86%
жать.
86%
Этот
86%
Васин
86%
мы
86%
от
86%
земля
86%
А
86%
Полковник
86%
увязли
86%
полк
86%
приехал
86%
фронт
86%
со
86%
своей
86%
молодой
86%
женой.
86%
что
86%
пока
86%
вернуть
86%
домой.
86%
хотим,
71%
борьбе.
71%
лежит
71%
Она
71%
умрёт,
71%
если
71%
Если
71%
куда
71%
эту
71%
вернуться,
71%
вернуться
71%
будет
71%
ничьей:
71%
пора
71%
себе.
71%
Нас
71%
себе."
71%
хотеть.
71%
нашу
71%
уже
71%
им:
71%
нас
71%
сказал
71%
бой.
71%
свой
71%
созвал
71%
видел
71%
генералов:
71%
они
71%
Ведём
71%
едят
71%
пьют
71%
нечего
71%
ума
71%
Их
71%
им
71%
того,
71%
дети
71%
сходят
71%
смерть.
71%
землю
57%
возвратились
57%
брюхе -
57%
сбор
57%
пугали
57%
всех
57%
ползать
57%
отцов,
57%
маршей,
57%
хватит
57%
Но
57%
погибших
57%
войну
57%
"Пойдём
57%
воевали
57%
ржавчине,
57%
церкви
57%
золой.
57%
чтобы
57%
было
57%
время
57%
собой.
57%
сами
57%
семьдесят
57%
смешали
57%
новым
57%
лет:
57%
разведки,
57%
учили,
57%
данным
57%
жизнь -
57%
строят
43%
кругом
43%
горят
43%
факелы:
43%
тюрьмой.
43%
звуки
43%
стрелявшие
43%
под
43%
рожали
43%
детей.
43%
планы
43%
частей.
43%
наших
43%
люди,
29%

Score Distribution

Percentile by Number Answered

Percent of People with Each Score

Your Score History

You have not taken this quiz